[Event "GER rap16 FSM/V01 email"]
[Site "GER email"]
[Date "2018.01.15"]
[Round "?"]
[White "Flagmeier, Reiner"]
[Black "Tacke, Hubert"]
[Result "1/2-1/2"]
[WhiteElo "2154"]
[BlackElo "1930"]
[PlyCount "69"]
[EventDate "2018.01.20"]
[EventType "tourn (corr)"]
[EventRounds "4"]
[EventCountry "GER"]
[SourceTitle "Corr 2020"]
[Source "ChessBase"]
[SourceDate "2019.09.30"]
[SourceVersion "1"]
[SourceVersionDate "2019.09.30"]
[SourceQuality "1"]

1. c4 e5 2. g3 Nf6 3. Bg2 d5 4. cxd5 Nxd5 5. Nc3 Nb6 6. Nf3 Nc6 7. 0-0 Be7 8. a3 Be6 9. b4 0-0 10. Rb1 f6 11. d3 a5 12. b5 Nd4 13. Nd2 Qc8 14. e3 Nf5 15. Bb2 Rd8 16. Qc2 Nd6 17. Rfc1 Qd7 18. a4 Nf7 19. d4 exd4 20. exd4 Bf5 21. Nce4 Bb4 22. Ra1 Nd5 23. Qc4 b6 24. Nc3 Bxc3 25. Bxc3 Ng5 26. Bb2 Be6 27. Qc6 Bh3 28. Qxd7 Rxd7 29. Bxh3 Nxh3+ 30. Kg2 Ng5 31. Nc4 Re8 32. Ra3 Ne6 33. Ne3 Nb4 34. h4 Kf7 35. Rc4 1/2-1/2

[Event "GER rap16 FSM/V01 email"]
[Site "GER email"]
[Date "2018.01.15"]
[Round "?"]
[White "Lemke, Burghard"]
[Black "Flagmeier, Reiner"]
[Result "1-0"]
[WhiteElo "1908"]
[BlackElo "2154"]
[PlyCount "110"]
[EventDate "2018.01.20"]
[EventType "tourn (corr)"]
[EventRounds "4"]
[EventCountry "GER"]
[SourceTitle "Corr 2020"]
[Source "ChessBase"]
[SourceDate "2019.09.30"]
[SourceVersion "1"]
[SourceVersionDate "2019.09.30"]
[SourceQuality "1"]

1. e4 c6 2. d4 d6 3. c3 Qc7 4. Bd3 e5 5. Ne2 Nf6 6. f4 Be7 7. 0-0 0-0 8. h3 Re8 9. Ng3 a5 10. Qf3 a4 11. Be3 b5 12. Nd2 Bf8 13. a3 Nbd7 14. Rac1 g6 15. Ne2 Rb8 16. g4 h6 17. Bb1 exf4 18. Bxf4 c5 19. Rf2 Bg7 20. Ba2 c4 21. Rcf1 Nf8 22. Qg3 Rb6 23. Bb1 Qe7 24. d5 N8h7 25. Nd4 Bb7 26. Nc2 Ba8 27. Nb4 Qd8 28. Bc2 Ng5 29. Qg2 Ngh7 30. h4 h5 31. Bd1 Nxg4 32. Bxg4 hxg4 33. Qxg4 Rb7 34. Be3 Rbe7 35. h5 Qd7 36. Qh4 g5 37. Bxg5 Nxg5 38. Qxg5 Re5 39. Qg3 Rxh5 40. Rxf7 Qxf7 41. Rxf7 Kxf7 42. Qg4 Rh6 43. Nf3 Bf6 44. Kf1 Rg6 45. Qd7+ Re7 46. Qxd6 Bxc3 47. Qb8 Rf6 48. Kg2 Bxb2 49. e5 Rg6+ 50. Kf2 Bxa3 51. e6+ Kg7 52. Qd6 Rf7 53. Qe5+ Rgf6 54. e7 Rxe7 55. Qxe7+ Rf7 1-0

[Event "NRW Class2 1718"]
[Site "Germany"]
[Date "2017.10.15"]
[Round "2.7"]
[White "Zeldin, Leonid"]
[Black "Flagmeier, Reiner"]
[Result "1/2-1/2"]
[WhiteElo "2076"]
[BlackElo "1795"]
[PlyCount "77"]
[EventDate "2017.09.17"]
[EventType "team-tourn"]
[EventRounds "9"]
[EventCountry "GER"]
[SourceTitle "EXT 2019"]
[Source "ChessBase"]
[SourceDate "2018.10.10"]
[SourceVersion "1"]
[SourceVersionDate "2018.10.10"]
[SourceQuality "1"]
[WhiteTeam "Bochum SG II"]
[BlackTeam "Siegburg"]
[WhiteTeamCountry "GER"]
[BlackTeamCountry "GER"]

1. e4 c6 2. d4 d5 3. exd5 cxd5 4. Nf3 Nc6 5. Bb5 a6 6. Bxc6+ bxc6 7. 0-0 Bg4 8. c4 Bxf3 9. Qxf3 e6 10. Nc3 Nf6 11. c5 Be7 12. Bf4 0-0 13. b4 Nd7 14. Qd3 Bf6 15. Bd6 Re8 16. f4 Qc8 17. a4 Be7 18. Bxe7 Rxe7 19. b5 axb5 20. axb5 cxb5 21. Nxb5 Nf6 22. Nd6 Qd8 23. Rxa8 Qxa8 24. Qb5 g6 25. Rb1 Kg7 26. Qb6 Qa3 27. Qb3 Qa6 28. Qe3 Qa2 29. Re1 Ng4 30. Qf3 Qd2 31. Rd1 Qe3+ 32. Qxe3 Nxe3 33. Rc1 Nf5 34. Nxf5+ gxf5 35. Kf2 Ra7 36. c6 Rc7 37. Kg3 Kf6 38. Kh4 Kg6 39. Rc3 1/2-1/2

[Event "NRW Class2 1718"]
[Site "Germany"]
[Date "2017.09.17"]
[Round "1.7"]
[White "Flagmeier, Reiner"]
[Black "Kutzner, Stephen"]
[Result "1/2-1/2"]
[WhiteElo "1795"]
[BlackElo "2064"]
[PlyCount "51"]
[EventDate "2017.09.17"]
[EventType "team-tourn"]
[EventRounds "9"]
[EventCountry "GER"]
[SourceTitle "EXT 2019"]
[Source "ChessBase"]
[SourceDate "2018.10.10"]
[SourceVersion "1"]
[SourceVersionDate "2018.10.10"]
[SourceQuality "1"]
[WhiteTeam "Siegburg"]
[BlackTeam "Godesberg"]
[WhiteTeamCountry "GER"]
[BlackTeamCountry "GER"]

1. c4 Nf6 2. g3 e6 3. Bg2 d5 4. Nf3 Be7 5. 0-0 0-0 6. b3 c5 7. Bb2 Nc6 8. e3 Qb6 9. d3 Rd8 10. Qe2 Ne8 11. Nc3 Bf6 12. Rac1 dxc4 13. dxc4 Qc7 14. Rfd1 a6 15. Rxd8 Nxd8 16. Rd1 Bd7 17. Ne4 Bxb2 18. Qxb2 Bc6 19. Ne5 Bxe4 20. Bxe4 f6 21. Nd3 Nf7 22. Nf4 Ng5 23. Bg2 Qe7 24. Qd2 Rc8 25. Qd7 Rc7 26. Qxe7 1/2-1/2

[Event "Mittelrhein Regionalliga 16/17"]
[Site "Nordrheinwestfalen"]
[Date "2017.02.19"]
[Round "8.8"]
[White "Hackbusch, Thomas"]
[Black "Flagmeier, Reiner"]
[Result "1/2-1/2"]
[WhiteElo "1901"]
[BlackElo "1794"]
[PlyCount "160"]
[EventDate "2016.09.11"]
[EventType "team-tourn"]
[EventRounds "11"]
[EventCountry "GER"]
[SourceTitle "EXT 2022"]
[Source "ChessBase"]
[SourceDate "2021.10.06"]
[SourceVersion "1"]
[SourceVersionDate "2021.10.06"]
[SourceQuality "1"]
[WhiteTeam "Porz SG III"]
[BlackTeam "Siegburg"]
[WhiteTeamCountry "GER"]
[BlackTeamCountry "GER"]

1. d4 Nf6 2. Nf3 g6 3. c4 Bg7 4. Nc3 d5 5. Bg5 Ne4 6. Bh4 Nxc3 7. bxc3 dxc4 8. Qa4+ c6 9. Qxc4 0-0 10. e3 Nd7 11. Be2 Nf6 12. 0-0 Qa5 13. Nd2 Nd5 14. Rfc1 e5 15. Nb3 Qc7 16. Bf3 Nb6 17. Qc5 Re8 18. Qa5 e4 19. Be2 Nd5 20. Qxc7 Nxc7 21. c4 a5 22. Rab1 Bf8 23. Bg3 Ne6 24. c5 Ng7 25. Nd2 Nf5 26. Bf4 Bh6 27. Bxh6 Nxh6 28. a4 f5 29. Nc4 Nf7 30. Nb6 Ra7 31. Bc4 Kg7 32. Rb2 Be6 33. Bxe6 Rxe6 34. Rcb1 Nd8 35. Nc8 Ra8 36. Nd6 Re7 37. Nxb7 Nxb7 38. Rxb7 Kf6 39. Rxe7 Kxe7 40. Rb6 Kd7 41. Kf1 Kc7 42. Ke2 g5 43. g3 h5 44. h4 gxh4 45. gxh4 Rd8 46. f3 Rg8 47. fxe4 fxe4 48. Ra6 Kb7 49. Rb6+ Kc7 50. Kf2 Rg4 51. Rb1 Rxh4 52. Kg3 Rg4+ 53. Kh3 Kd7 54. Rb7+ Kc8 55. Rh7 Rg1 56. Rxh5 Re1 57. Kg3 Rxe3+ 58. Kf4 Ra3 59. Kxe4 Rxa4 60. Rh7 Ra1 61. Ke5 Rg1 62. Ra7 Rg5+ 63. Kf4 Rh5 64. Rxa5 Rh4+ 65. Ke3 Rh3+ 66. Kd2 Kd7 67. Ra6 Rg3 68. Kc2 Rh3 69. Rb6 Rg3 70. Rb3 Rg4 71. Kc3 Kc7 72. Kc4 Rh4 73. Rg3 Rf4 74. Rg8 Rh4 75. Rg7+ Kc8 76. Rg6 Kc7 77. Rd6 Rg4 78. Kd3 Rf4 79. Ke3 Rg4 80. Kf3 Rh4 1/2-1/2

[Event "Mittelrhein Verbandsliga-O 15/16"]
[Site "Nordrheinwestfalen"]
[Date "2016.01.10"]
[Round "6"]
[White "Flagmeier, Reiner"]
[Black "Jonas, Rainer"]
[Result "0-1"]
[WhiteElo "1825"]
[BlackElo "1785"]
[PlyCount "64"]
[EventDate "2015.09.06"]
[EventType "team-tourn"]
[EventRounds "11"]
[EventCountry "GER"]
[SourceTitle "EXT 2022"]
[Source "ChessBase"]
[SourceDate "2021.10.06"]
[SourceVersion "1"]
[SourceVersionDate "2021.10.06"]
[SourceQuality "1"]
[WhiteTeam "Siegburg"]
[BlackTeam "Rheinbacher SF"]
[WhiteTeamCountry "GER"]
[BlackTeamCountry "GER"]

1. d4 Nf6 2. Nf3 g6 3. Nc3 d5 4. Bf4 c6 5. e3 Bg7 6. Be2 Nbd7 7. h4 h5 8. Ne5 Nf8 9. f3 N6d7 10. Qd3 Nxe5 11. Bxe5 Bf5 12. e4 dxe4 13. fxe4 Bxe5 14. exf5 Qxd4 15. fxg6 Nxg6 16. Qxd4 Bxd4 17. Ne4 Rd8 18. c3 Be3 19. Rd1 Rxd1+ 20. Bxd1 Ne5 21. Rh3 Bb6 22. b3 Ng4 23. c4 Rh6 24. Ng5 Rd6 25. Bf3 Ba5+ 26. Kf1 Rd7 27. Bxg4 hxg4 28. Rg3 f5 29. h5 Rd1+ 30. Ke2 Rh1 31. Ne6 Kf7 32. Nf4 Bc7 0-1

[Event "Mittelrhein Verbandsliga Ost 1415"]
[Site "Mittelrhein"]
[Date "2014.12.07"]
[Round "5.7"]
[White "Sejdini, Valentin"]
[Black "Flagmeier, Reiner"]
[Result "1-0"]
[WhiteElo "1876"]
[BlackElo "1839"]
[PlyCount "117"]
[EventDate "2014.09.07"]
[EventType "team-tourn"]
[EventRounds "11"]
[EventCountry "GER"]
[SourceTitle "EXT 2023"]
[Source "ChessBase"]
[SourceDate "2022.10.05"]
[SourceVersion "1"]
[SourceVersionDate "2022.10.05"]
[SourceQuality "1"]
[WhiteTeam "Troisdorf"]
[BlackTeam "Siegburg"]
[WhiteTeamCountry "GER"]
[BlackTeamCountry "GER"]

1. f4 Nf6 2. e3 d5 3. Nf3 g6 4. b3 Bg7 5. Bb2 0-0 6. Be2 c5 7. 0-0 Nc6 8. d3 b6 9. Ne5 Bb7 10. Nd2 Qc7 11. Nxc6 Bxc6 12. Be5 Qb7 13. Qe1 Ne8 14. Bxg7 Nxg7 15. Bf3 Rac8 16. e4 e6 17. g4 f5 18. exd5 exd5 19. Qh4 fxg4 20. Bxg4 Nf5 21. Bxf5 Rxf5 22. Rae1 Qg7 23. Re7 Rf7 24. Rxf7 Qxf7 25. Nf3 d4 26. Ng5 Qg7 27. Re1 Re8 28. Rxe8+ Bxe8 29. Ne4 h6 30. Qd8 Kf8 31. Nd6 Qd7 32. Qf6+ Kg8 33. f5 Bf7 34. Kf2 Bd5 35. fxg6 Qg7 36. Ne8 Qf8 37. Qxf8+ Kxf8 38. Nc7 Bg8 39. Nb5 a5 40. Nd6 Be6 41. Kg3 Kg7 42. Nc4 Bxc4 43. bxc4 Kxg6 44. Kg4 a4 45. a3 h5+ 46. Kf4 Kf6 47. h4 Ke6 48. Kg5 Ke5 49. Kxh5 Kf4 50. Kg6 Ke3 51. h5 Kd2 52. h6 Kxc2 53. h7 Kxd3 54. h8Q Kc2 55. Kf5 d3 56. Ke4 d2 57. Qh2 Kc3 58. Qe2 d1Q 59. Qxd1 1-0

[Event "Mittelrhein Verbandsliga Ost 1314"]
[Site "Mittelrhein"]
[Date "2014.03.09"]
[Round "8.6"]
[White "Flagmeier, Reiner"]
[Black "Raabe, Joachim"]
[Result "1-0"]
[WhiteElo "1806"]
[BlackElo "1847"]
[PlyCount "143"]
[EventDate "2013.09.15"]
[EventType "team-tourn"]
[EventRounds "11"]
[EventCountry "GER"]
[SourceTitle "EXT 2023"]
[Source "ChessBase"]
[SourceDate "2022.10.05"]
[SourceVersion "1"]
[SourceVersionDate "2022.10.05"]
[SourceQuality "1"]
[WhiteTeam "Siegburg"]
[BlackTeam "Bruehl II"]
[WhiteTeamCountry "GER"]
[BlackTeamCountry "GER"]

1. d4 d5 2. Nf3 Bg4 3. Ne5 Bf5 4. c4 f6 5. Nf3 c6 6. Nc3 e6 7. Qb3 Qb6 8. c5 Qxb3 9. axb3 g5 10. g3 h5 11. h4 g4 12. Nd2 Bh6 13. b4 Ne7 14. b5 0-0 15. Bg2 Nd7 16. e4 Bg6 17. 0-0 f5 18. exd5 exd5 19. Re1 Rfe8 20. Nb3 Bxc1 21. Raxc1 Nf6 22. Ra1 Ne4 23. Na5 Rab8 24. Bf1 Bf7 25. Bd3 Kf8 26. Bxe4 fxe4 27. b4 a6 28. b6 Nf5 29. Rad1 Re7 30. Rd2 Rbe8 31. Nd1 e3 32. Nxe3 Nxe3 33. fxe3 Bg6 34. Rf2+ Kg7 35. Rf4 Be4 36. Kf2 Rf8 37. Rxf8 Kxf8 38. Ke2 Rf7 39. Rg1 Ke8 40. Nb3 Bf3+ 41. Ke1 Be4 42. Rf1 Rxf1+ 43. Kxf1 Bf5 44. Ke2 Ke7 45. Na5 Bc8 46. e4 dxe4 47. Ke3 Kf6 48. Kxe4 Bf5+ 49. Kf4 Bc8 50. Nc4 Ke7 51. Nd6 Be6 52. Nxb7 Kd7 53. Nd6 Kd8 54. Kg5 Kd7 55. Kxh5 Kd8 56. Kg6 Bb3 57. h5 Kd7 58. h6 Kd8 59. h7 Bc2+ 60. Nf5 a5 61. bxa5 Kc8 62. Kf6 Kb7 63. h8Q Ka6 64. Qa8+ Kb5 65. Nd6+ Kb4 66. b7 Kc3 67. b8Q Ba4 68. Qb1 Bb5 69. Qa1+ Kb4 70. Qg8 Ba4 71. Qc4+ Kxa5 72. Qaxa4# 1-0

[Event "Mittelrhein Verbandsliga Ost 1314"]
[Site "Mittelrhein"]
[Date "2014.01.19"]
[Round "6.5"]
[White "Schwiemann, Uwe"]
[Black "Flagmeier, Reiner"]
[Result "1/2-1/2"]
[WhiteElo "1821"]
[BlackElo "1783"]
[PlyCount "33"]
[EventDate "2013.09.15"]
[EventType "team-tourn"]
[EventRounds "11"]
[EventCountry "GER"]
[SourceTitle "EXT 2023"]
[Source "ChessBase"]
[SourceDate "2022.10.05"]
[SourceVersion "1"]
[SourceVersionDate "2022.10.05"]
[SourceQuality "1"]
[WhiteTeam "Bonn Empor Maulwurf"]
[BlackTeam "Siegburg"]
[WhiteTeamCountry "GER"]
[BlackTeamCountry "GER"]

1. Nc3 d5 2. e4 c6 3. Nf3 Bg4 4. Be2 e6 5. 0-0 Nf6 6. Ne5 Bxe2 7. Qxe2 dxe4 8. Nxe4 Nxe4 9. Qxe4 Nd7 10. d3 Nf6 11. Qe2 h6 12. Re1 Be7 13. Bd2 0-0 14. Rad1 Qb6 15. Bc1 Rad8 16. a3 Qc7 17. Ng4 1/2-1/2

[Event "Mittelrhein Verbandsliga-O 1112"]
[Site "Germany"]
[Date "2012.03.18"]
[Round "8"]
[White "Utler, Patrick"]
[Black "Flagmeier, Reiner"]
[Result "1/2-1/2"]
[WhiteElo "1975"]
[BlackElo "1747"]
[PlyCount "127"]
[EventDate "2011.09.18"]
[EventType "team-tourn"]
[EventRounds "11"]
[EventCountry "GER"]
[SourceTitle "EXT 2013"]
[Source "ChessBase"]
[SourceDate "2012.11.22"]
[SourceVersion "1"]
[SourceVersionDate "2012.11.22"]
[SourceQuality "1"]
[WhiteTeam "Bonn Stadtverwaltung"]
[BlackTeam "Siegburg"]
[WhiteTeamCountry "GER"]
[BlackTeamCountry "GER"]

1. e4 c6 2. d4 d5 3. exd5 cxd5 4. c4 Nf6 5. Nc3 e6 6. Nf3 Bb4 7. Bd3 0-0 8. cxd5 Nxd5 9. Qc2 h6 10. 0-0 Nc6 11. a3 Be7 12. h3 Bf6 13. Rd1 a6 14. Bc4 Nce7 15. Ne4 Qc7 16. Qd3 Bd7 17. Nxf6+ Nxf6 18. Ne5 Ned5 19. Qg3 Kh8 20. Qh4 Ng8 21. Bd3 Bc6 22. Bd2 Qe7 23. Qg3 Rac8 24. Rac1 Ngf6 25. Nxc6 Rxc6 26. Rxc6 bxc6 27. Bxa6 Ne4 28. Qd3 Nxd2 29. Qxd2 Qd6 30. Be2 Rb8 31. b4 Ra8 32. Qb2 Nb6 33. Rc1 Rd8 34. Bf3 Qxd4 35. Qxd4 Rxd4 36. Bxc6 Nc4 37. Rc3 Rd1+ 38. Kh2 Nd2 39. g3 Nb1 40. Rb3 Rc1 41. b5 Nd2 42. Rd3 Nc4 43. a4 g6 44. Be8 Kg7 45. Rb3 Na5 46. Rf3 f5 47. Rd3 Rc8 48. Rd7+ Kf6 49. Ra7 Nc4 50. Rf7+ Ke5 51. f4+ Kd4 52. Bd7 Ra8 53. Bxe6 Nd2 54. Rd7+ Ke3 55. Bd5 Rxa4 56. b6 Rb4 57. b7 Rb2 58. g4 Ne4+ 59. Kg1 Rb1+ 60. Kg2 Rb2+ 61. Kg1 Kf3 62. Rd8 Rb1+ 63. Kh2 Rb2+ 64. Kg1 1/2-1/2

[Event "Mittelrhein Verbandsliga-O 1112"]
[Site "Germany"]
[Date "2011.12.11"]
[Round "4"]
[White "Hack, Thomas1111"]
[Black "Flagmeier, Reiner"]
[Result "1-0"]
[WhiteElo "1934"]
[BlackElo "1747"]
[PlyCount "93"]
[EventDate "2011.09.18"]
[EventType "team-tourn"]
[EventRounds "11"]
[EventCountry "GER"]
[SourceTitle "EXT 2013"]
[Source "ChessBase"]
[SourceDate "2012.11.22"]
[SourceVersion "1"]
[SourceVersionDate "2012.11.22"]
[SourceQuality "1"]
[WhiteTeam "Euskirchen Turm"]
[BlackTeam "Siegburg"]
[WhiteTeamCountry "GER"]
[BlackTeamCountry "GER"]

1. d4 Nf6 2. Nf3 g6 3. Bg5 Bg7 4. Nbd2 d5 5. e3 0-0 6. Bd3 c5 7. c3 cxd4 8. exd4 Qb6 9. Rb1 Nc6 10. 0-0 Be6 11. h3 a5 12. Qe2 a4 13. a3 Rac8 14. Qe3 Rfe8 15. Bh6 Qc7 16. Nh4 Nh5 17. Bxg7 Nxg7 18. Qh6 Nf5 19. Nxf5 Bxf5 20. Bxf5 gxf5 21. Qg5+ Kh8 22. Qxf5 e6 23. Qf6+ Kg8 24. Nf3 Qe7 25. Qxe7 Rxe7 26. Rfe1 Na5 27. Ne5 Nc4 28. Nxc4 Rxc4 29. f4 Rc6 30. Rbd1 Rb6 31. Rd2 Rc7 32. f5 Kf8 33. f6 Ke8 34. Re5 Kd7 35. Rh5 Kc6 36. Rxh7 Kb5 37. Rh8 Kc4 38. h4 Kb3 39. h5 Ka2 40. h6 Rxb2 41. Rxb2+ Kxb2 42. h7 Rxc3 43. Rb8 Rb3 44. h8Q Kxa3 45. Qf8+ Kb2 46. Qxf7 a3 47. Rxb7 1-0